| 000 | 00664nam a22002177a 4500 | ||
|---|---|---|---|
| 003 | OSt | ||
| 005 | 20151203152448.0 | ||
| 008 | 130621t xxu||||| |||| 00| 0 eng d | ||
| 050 |
_aQC 35 _b.K41 2008 vol. 3 |
||
| 082 |
_aIB 530.02 _bK46 2008 |
||
| 100 | _aKerr, Gregg | ||
| 245 |
_aPhysics investigations : _cby Gregg Kerr., edited by David Greig _b: for the use with the IB diploma programme : vol 3 relevant to the option topics |
||
| 250 | _a3rd edition | ||
| 260 |
_aVictoria, Australia : _bIBID Press, _cc2008 |
||
| 300 |
_axiv, 76 p. : _b ll. ; _c28 cm. |
||
| 562 | _e3 | ||
| 942 |
_2lcc _cBK |
||
| 999 |
_c2977 _d2977 |
||